Southville International School and Colleges
Your cart is empty.
  • Cart
  • Lists
    Public lists Eva Luna New books Lux_list list_1
    Your lists Log in to create your own lists
  • Log in to your account
  • Your cookies
  • Search history
Southville International School and Colleges
  • Advanced search
  • Recent comments
  • Most popular
  • Libraries

Log in to your account

Log in with GOOGLE


If you do not have an external account, but do have a local account, you can still log in:

  1. Home
  2. MARC view: Florante at Laura /
Normal view MARC view ISBD view

Florante at Laura / (Record no. 3213)

[ view plain ]
MARC details
000 -LEADER
fixed length control field 00579nam a22001937a 4500
003 - CONTROL NUMBER IDENTIFIER
control field OSt
005 - DATE AND TIME OF LATEST TRANSACTION
control field 20151123131339.0
008 - FIXED-LENGTH DATA ELEMENTS--GENERAL INFORMATION
fixed length control field 130627t xxu||||| |||| 00| 0 eng d
020 ## - INTERNATIONAL STANDARD BOOK NUMBER
International Standard Book Number 9710718495
050 ## - LIBRARY OF CONGRESS CALL NUMBER
Classification number PL 6165.3
Item number .B171 1993
082 ## - DEWEY DECIMAL CLASSIFICATION NUMBER
Classification number FIL 398.21599
Item number B18 1993
100 ## - MAIN ENTRY--PERSONAL NAME
Personal name Balagas, Fransisco
245 ## - TITLE STATEMENT
Title Florante at Laura /
Statement of responsibility, etc Fransisco Balagas.
260 ## - PUBLICATION, DISTRIBUTION, ETC. (IMPRINT)
Place of publication, distribution, etc Quezon City, Philippines :
Name of publisher, distributor, etc Aklat ANI Publishing and Educational trading Center.
Date of publication, distribution, etc 1993.
300 ## - PHYSICAL DESCRIPTION
Extent 185 p. :
Other physical details ill . ;
Dimensions 21 cm.
650 ## - SUBJECT ADDED ENTRY--TOPICAL TERM
Topical term or geographic name as entry element Philippine Literature
942 ## - ADDED ENTRY ELEMENTS (KOHA)
Source of classification or shelving scheme Library of Congress Classification
Item type Books
Holdings
Withdrawn status Lost status Source of classification or shelving scheme Damaged status Home library Current library Shelving location Date acquired Total Checkouts Full call number Barcode Date last seen Copy number Price effective from Koha item type
    Library of Congress Classification   Luxembourg Library Luxembourg Library Filipiniana Section 06/27/2013   PL 6165.3 .B171 1993 6749 01/25/2018 1 06/27/2013 Books

Florante at Laura /

APA

Balagas F., . (1993). Florante at Laura. Quezon City, Philippines: Aklat ANI Publishing and Educational trading Center.

Chicago

Balagas Fransisco, . 1993. Florante at Laura. Quezon City, Philippines: Aklat ANI Publishing and Educational trading Center.

Harvard

Balagas F., . (1993). Florante at Laura. Quezon City, Philippines: Aklat ANI Publishing and Educational trading Center.

MLA

Balagas Fransisco, . Florante at Laura. Quezon City, Philippines: Aklat ANI Publishing and Educational trading Center. 1993.

  • Place hold
  • Print
  • Cite
  • Add to your cart (remove)
  • Save record
    BIBTEX Dublin Core MARCXML MARC (non-Unicode/MARC-8) MARC (Unicode/UTF-8) MARC (Unicode/UTF-8, Standard) MODS (XML) RIS
  • More searches
    Search for this title in:
    Other Libraries (WorldCat) Other Databases (Google Scholar) Online Stores (Bookfinder.com) Open Library (openlibrary.org)

Exporting to Dublin Core...

SOUTHVILLE LIBRARY

Southville International School and Colleges Library

1281 Tropical Ave. Cor. Luxembourg St., BF Homes International, Las Pinas City

Tel. No. 8256374 / 252358 Loc. 117/146

Powered by Koha